[Event "Gibraltar Masters 9th"]
[Site "Caleta"]
[Date "2011.01.28"]
[Round "4"]
[White "Obiamiwe, Paul"]
[Black "Piasetski, Leon"]
[Result "0-1"]
[WhiteElo "2015"]
[BlackElo "2303"]
[PlyCount "94"]
[GameId "1166654005948416"]
[EventDate "2011.01.25"]
[EventType "swiss"]
[EventRounds "10"]
[EventCountry "GGB"]
[SourceTitle "CBM 141"]
[Source "ChessBase"]
[SourceDate "2011.03.17"]
[SourceVersion "1"]
[SourceVersionDate "2011.03.17"]
[SourceQuality "1"]

1. e4 c5 2. Nf3 e6 3. d4 cxd4 4. Nxd4 a6 5. Bd3 Bc5 6. Nb3 Be7 7. O-O d6 8. f4 Nd7 9. Qe2 Qc7 10. c4 h5 11. Nc3 Bf6 12. Bd2 Ne7 13. Rac1 b6 14. e5 dxe5 15. Ne4 exf4 16. Nxf6+ gxf6 17. Bxf4 e5 18. Be4 Bb7 19. Bd2 Bxe4 20. Qxe4 Qc6 21. Qe2 h4 22. h3 Rg8 23. Be1 Ng6 24. Bd2 Rd8 25. Be3 Qe6 26. Qf2 Ne7 27. c5 bxc5 28. Nxc5 Qxh3 29. Nb7 Nf5 30. Rc3 Nxe3 31. Rxe3 Rxg2+ 32. Qxg2 Qxe3+ 33. Kh1 Rb8 34. Nd6+ Kd8 35. b3 Qg3 36. Qe2 Qh3+ 37. Kg1 Qg3+ 38. Kh1 Qh3+ 39. Kg1 Rb4 40. Nc4 Qg3+ 41. Kh1 Qh3+ 42. Kg1 Rb5 43. Rd1 e4 44. Ne3 Rg5+ 45. Ng2 Qf3 46. Rxd7+ Kxd7 47. Qd2+ Kc7 0-1

[Event "Lille Luce op 2nd"]
[Site "Lille"]
[Date "2011.04.27"]
[Round "3"]
[White "Renard, Stephane"]
[Black "Piasetski, Leon"]
[Result "0-1"]
[WhiteElo "1973"]
[BlackElo "2299"]
[PlyCount "96"]
[GameId "1425805571465216"]
[EventDate "2011.04.25"]
[EventType "swiss"]
[EventRounds "9"]
[EventCountry "FRA"]
[SourceTitle "EXT 2020"]
[Source "ChessBase"]
[SourceDate "2019.10.17"]
[SourceVersion "1"]
[SourceVersionDate "2019.10.17"]
[SourceQuality "1"]

1. f4 Nf6 2. Nf3 c5 3. e3 g6 4. Be2 Bg7 5. O-O O-O 6. d3 d5 7. a4 Qc7 8. Nc3 Rd8 9. Qe1 Nc6 10. e4 dxe4 11. dxe4 Nb4 12. Bd1 Be6 13. Rf2 Ng4 14. Rd2 c4 15. Kh1 Rxd2 16. Bxd2 Qc5 17. h3 Nf2+ 18. Kh2 Nxd1 19. Qxd1 Rd8 20. Qc1 Nc6 21. Be3 Qb4 22. e5 f6 23. Nb5 fxe5 24. Nxa7 Nxa7 25. Bxa7 exf4 26. c3 Qd6 27. Bd4 Bd5 28. Bxg7 Kxg7 29. Qe1 Bxf3 30. gxf3 Qd2+ 31. Kg1 Qxe1+ 32. Rxe1 Kf6 33. Re4 e5 34. Rxc4 Rd1+ 35. Kg2 Rd2+ 36. Kg1 Rxb2 37. Rc7 h6 38. c4 Kg5 39. Re7 Kh4 40. Rxe5 Kg3 41. Rb5 Rc2 42. Kf1 Rxc4 43. Rxb7 Rxa4 44. Rb6 g5 45. Rxh6 Kxf3 46. Ke1 Kg2 47. Rg6 Ra5 48. h4 f3 0-1

[Event "Metz op 29th"]
[Site "Metz"]
[Date "2011.05.02"]
[Round "1"]
[White "Eingorn, Vereslav S"]
[Black "Piasetski, Leon"]
[Result "1-0"]
[WhiteElo "2558"]
[BlackElo "2301"]
[PlyCount "59"]
[GameId "1166654254997504"]
[EventDate "2011.05.02"]
[EventType "swiss"]
[EventRounds "9"]
[EventCountry "FRA"]
[SourceTitle "CBM 142 Extra"]
[Source "ChessBase"]
[SourceDate "2011.06.27"]
[SourceVersion "1"]
[SourceVersionDate "2011.06.27"]
[SourceQuality "1"]

1. d4 Nf6 2. c4 d6 3. Nf3 g6 4. g3 Bf5 5. Bg2 Bg7 6. O-O Qc8 7. Qb3 Nc6 8. d5 Nd8 9. Nc3 O-O 10. Re1 Ne4 11. Nxe4 Bxe4 12. Qe3 f5 13. Bh3 e6 14. Rd1 c6 15. dxe6 Qxe6 16. Ng5 Qxc4 17. Nxe4 fxe4 18. Rxd6 Kh8 19. Rd7 Ne6 20. b3 Qc3 21. Qxc3 Bxc3 22. Rb1 Nc5 23. Rd1 Rad8 24. Bg5 Rxd1+ 25. Rxd1 b6 26. Rd6 Be5 27. Rxc6 Bd4 28. e3 Bc3 29. Be7 Rf7 30. Bxc5 1-0

[Event "Metz op 29th"]
[Site "Metz"]
[Date "2011.05.03"]
[Round "2"]
[White "Piasetski, Leon"]
[Black "Maloberti, David"]
[Result "1-0"]
[WhiteElo "2301"]
[BlackElo "2111"]
[PlyCount "75"]
[GameId "1166654255112192"]
[EventDate "2011.05.02"]
[EventType "swiss"]
[EventRounds "9"]
[EventCountry "FRA"]
[SourceTitle "CBM 142 Extra"]
[Source "ChessBase"]
[SourceDate "2011.06.27"]
[SourceVersion "1"]
[SourceVersionDate "2011.06.27"]
[SourceQuality "1"]

1. Nf3 f5 2. d3 d6 3. e4 e5 4. exf5 Bxf5 5. d4 e4 6. Ng5 Nf6 7. c4 Be7 8. Nc3 h6 9. Nh3 O-O 10. Be2 Nc6 11. Nf4 Qd7 12. h3 g5 13. Nfd5 Kh7 14. Be3 Nd8 15. Nxf6+ Bxf6 16. Bg4 Bxg4 17. Qxg4 Qxg4 18. hxg4 Ne6 19. O-O-O Kg6 20. Nxe4 Bg7 21. f3 Rf7 22. Rd2 Re8 23. Kc2 a6 24. Ng3 Bf6 25. Kd3 Ng7 26. Re2 Ref8 27. Bd2 c6 28. Ne4 d5 29. cxd5 cxd5 30. Nc5 Rc8 31. g3 Be7 32. f4 Bxc5 33. f5+ Nxf5 34. gxf5+ Rxf5 35. dxc5 Rxc5 36. Re6+ Kf7 37. Rhxh6 Rf3+ 38. Re3 1-0

[Event "Metz op 29th"]
[Site "Metz"]
[Date "2011.05.03"]
[Round "3"]
[White "Zienkiewicz, Alexandre"]
[Black "Piasetski, Leon"]
[Result "0-1"]
[WhiteElo "2069"]
[BlackElo "2301"]
[PlyCount "87"]
[GameId "1166654255210496"]
[EventDate "2011.05.02"]
[EventType "swiss"]
[EventRounds "9"]
[EventCountry "FRA"]
[SourceTitle "CBM 142 Extra"]
[Source "ChessBase"]
[SourceDate "2011.06.27"]
[SourceVersion "1"]
[SourceVersionDate "2011.06.27"]
[SourceQuality "1"]

1. d4 Nf6 2. Nf3 d6 3. Bf4 Bg4 4. Nbd2 Nc6 5. h3 Bh5 6. c3 e6 7. Qb3 Rb8 8. e3 Be7 9. Bd3 e5 10. Bh2 Bxf3 11. gxf3 exd4 12. cxd4 O-O 13. O-O-O Kh8 14. Kb1 Nh5 15. d5 Ne5 16. Bxe5 dxe5 17. Ne4 f5 18. Ng3 Nxg3 19. fxg3 Qd6 20. h4 Rf6 21. e4 f4 22. g4 Qd8 23. Qc3 Rb6 24. g5 Bd6 25. Bc2 Qe7 26. Rh2 Bc5 27. Bb3 Bd4 28. Qa5 a6 29. Rc2 Qd6 30. Rdc1 Rc8 31. Rd1 h6 32. Qe1 h5 33. Rdc1 Rb5 34. Rd1 a5 35. Rxd4 exd4 36. e5 Qg6 37. Qd2 Rb4 38. Ka1 Qf5 39. d6 Qxe5 40. d7 Rd8 41. Rc1 Qe3 42. Qc2 Rxd7 43. g6 d3 44. Qg2 0-1

[Event "Metz op 29th"]
[Site "Metz"]
[Date "2011.05.04"]
[Round "4"]
[White "Piasetski, Leon"]
[Black "Kravtsiv, Martyn"]
[Result "1/2-1/2"]
[WhiteElo "2301"]
[BlackElo "2565"]
[PlyCount "86"]
[GameId "1166654255263744"]
[EventDate "2011.05.02"]
[EventType "swiss"]
[EventRounds "9"]
[EventCountry "FRA"]
[SourceTitle "CBM 142 Extra"]
[Source "ChessBase"]
[SourceDate "2011.06.27"]
[SourceVersion "1"]
[SourceVersionDate "2011.06.27"]
[SourceQuality "1"]

1. Nf3 Nf6 2. c4 e6 3. Nc3 Bb4 4. Qc2 O-O 5. a3 Bxc3 6. Qxc3 b6 7. b4 Bb7 8. Bb2 d6 9. e3 Nbd7 10. Be2 c5 11. O-O Rc8 12. d3 Qe7 13. Rfe1 d5 14. Ne5 Nxe5 15. Qxe5 dxc4 16. dxc4 Rfd8 17. b5 Ne8 18. Red1 f6 19. Qc3 Nd6 20. f3 Rd7 21. Rd2 Rcd8 22. Rad1 Nf7 23. Kf2 e5 24. Rxd7 Rxd7 25. Qc2 Rxd1 26. Qxd1 Qd6 27. Qxd6 Nxd6 28. Ke1 Kf7 29. Kd2 Ke6 30. e4 h5 31. Bd3 Ke7 32. Kc3 Bc8 33. Bc1 Be6 34. Be3 Kf7 35. a4 g5 36. a5 Bd7 37. a6 Ne8 38. g3 Nc7 39. f4 Ne6 40. f5 Nd4 41. h3 Ke7 42. Bf2 Be8 43. Be3 Bd7 1/2-1/2

[Event "Metz op 29th"]
[Site "Metz"]
[Date "2011.05.05"]
[Round "5"]
[White "Lalic, Bogdan"]
[Black "Piasetski, Leon"]
[Result "1/2-1/2"]
[WhiteElo "2469"]
[BlackElo "2301"]
[PlyCount "60"]
[GameId "1166654255325184"]
[EventDate "2011.05.02"]
[EventType "swiss"]
[EventRounds "9"]
[EventCountry "FRA"]
[SourceTitle "CBM 142 Extra"]
[Source "ChessBase"]
[SourceDate "2011.06.27"]
[SourceVersion "1"]
[SourceVersionDate "2011.06.27"]
[SourceQuality "1"]

1. d4 d5 2. c4 e6 3. Nf3 Nf6 4. Nc3 c6 5. Bg5 Nbd7 6. e3 Qa5 7. cxd5 Nxd5 8. Qd2 Bb4 9. Rc1 h6 10. Bh4 Nxc3 11. bxc3 Ba3 12. Rb1 b6 13. Bd3 Ba6 14. c4 Qxd2+ 15. Nxd2 Be7 16. Bg3 Nf6 17. Ke2 c5 18. Nb3 cxd4 19. exd4 O-O 20. Rhc1 Rfd8 21. a4 Bd6 22. a5 Bxg3 23. hxg3 Bb7 24. f3 Bc6 25. Ke3 Nd7 26. Ra1 Kf8 27. Ra3 Ke7 28. Rca1 Kd6 29. axb6 axb6 30. Ra7 Rxa7 1/2-1/2

[Event "Metz op 29th"]
[Site "Metz"]
[Date "2011.05.05"]
[Round "6"]
[White "Piasetski, Leon"]
[Black "Maiorov, Nikita"]
[Result "0-1"]
[WhiteElo "2301"]
[BlackElo "2528"]
[PlyCount "90"]
[GameId "1166654255427584"]
[EventDate "2011.05.02"]
[EventType "swiss"]
[EventRounds "9"]
[EventCountry "FRA"]
[SourceTitle "CBM 142 Extra"]
[Source "ChessBase"]
[SourceDate "2011.06.27"]
[SourceVersion "1"]
[SourceVersionDate "2011.06.27"]
[SourceQuality "1"]

1. Nf3 Nf6 2. c4 b6 3. d4 e6 4. g3 Bb7 5. Bg2 Be7 6. Nc3 O-O 7. Qc2 c5 8. d5 exd5 9. Nh4 Nc6 10. cxd5 Nd4 11. Qd1 b5 12. e3 b4 13. Na4 Nb5 14. Nf5 d6 15. O-O Re8 16. e4 Bf8 17. f3 c4 18. Rf2 Rc8 19. Bf1 Ba6 20. Ne3 c3 21. b3 g6 22. Bd3 Nc7 23. Nc2 Bxd3 24. Qxd3 a5 25. Nb6 Rb8 26. Nc4 Na6 27. Nd4 Nc5 28. Qc2 Ra8 29. Nc6 Qc7 30. a3 a4 31. axb4 Nxb3 32. Ra3 Nd7 33. Be3 Bg7 34. Qd3 Ne5 35. N4xe5 Bxe5 36. Rfa2 f5 37. Rxa4 fxe4 38. Qxe4 Rxa4 39. Rxa4 Nd2 40. Qg4 Qf7 41. Ra7 Nxf3+ 42. Kh1 Qxd5 43. Qh3 Qd1+ 44. Kg2 Ne1+ 45. Kg1 Nc2+ 0-1

[Event "Metz op 29th"]
[Site "Metz"]
[Date "2011.05.06"]
[Round "7"]
[White "Donchenko, Anatoly G"]
[Black "Piasetski, Leon"]
[Result "1/2-1/2"]
[WhiteElo "2397"]
[BlackElo "2301"]
[PlyCount "66"]
[GameId "1166654255452160"]
[EventDate "2011.05.02"]
[EventType "swiss"]
[EventRounds "9"]
[EventCountry "FRA"]
[SourceTitle "CBM 142 Extra"]
[Source "ChessBase"]
[SourceDate "2011.06.27"]
[SourceVersion "1"]
[SourceVersionDate "2011.06.27"]
[SourceQuality "1"]

1. c4 e5 2. g3 Nf6 3. Bg2 d5 4. cxd5 Nxd5 5. Nc3 Nb6 6. Nf3 Nc6 7. O-O Be7 8. a3 O-O 9. b4 Re8 10. d3 Nd4 11. Bb2 Nxf3+ 12. Bxf3 c6 13. Rc1 Bg5 14. Rb1 Bh3 15. Re1 Qe7 16. Ne4 Rad8 17. Qb3 Be6 18. Qc2 Bd5 19. Qc5 f5 20. Nxg5 Qxg5 21. e4 Ba2 22. Ra1 Bf7 23. Qc2 f4 24. Rad1 Bh5 25. Qe2 Bxf3 26. Qxf3 Rf8 27. h4 Qe7 28. Qh5 Nd7 29. d4 Qe6 30. d5 Qh3 31. Qf3 cxd5 32. exd5 Rde8 33. Rd3 Qf5 1/2-1/2

[Event "Metz op 29th"]
[Site "Metz"]
[Date "2011.05.07"]
[Round "8"]
[White "Piasetski, Leon"]
[Black "Shirazi, Kamran"]
[Result "0-1"]
[WhiteElo "2301"]
[BlackElo "2369"]
[PlyCount "120"]
[GameId "1166654255583232"]
[EventDate "2011.05.02"]
[EventType "swiss"]
[EventRounds "9"]
[EventCountry "FRA"]
[SourceTitle "CBM 142 Extra"]
[Source "ChessBase"]
[SourceDate "2011.06.27"]
[SourceVersion "1"]
[SourceVersionDate "2011.06.27"]
[SourceQuality "1"]

1. d4 Nf6 2. Nf3 a6 3. Bg5 d5 4. e3 Ne4 5. Bf4 Bf5 6. Nbd2 Nc6 7. Nxe4 Bxe4 8. Bd3 Bxd3 9. Qxd3 e6 10. O-O Bd6 11. Bxd6 cxd6 12. c4 dxc4 13. Qxc4 Rc8 14. Rfc1 O-O 15. Qb3 Qc7 16. Rc3 b5 17. Rac1 Qb7 18. h3 Ne7 19. a4 b4 20. Rxc8 Rxc8 21. Rxc8+ Nxc8 22. Qc4 h6 23. Nd2 Ne7 24. Nb3 Kf8 25. f3 Ke8 26. Kf2 Kd7 27. Ke2 g5 28. Kd3 Nf5 29. Ke2 Ne7 30. Nc1 Nd5 31. Nd3 a5 32. e4 Nb6 33. Qb5+ Qc6 34. Qxc6+ Kxc6 35. b3 Nd7 36. Nb2 d5 37. Nd3 Kd6 38. g4 e5 39. Ke3 f6 40. exd5 Kxd5 41. dxe5 fxe5 42. Kd2 Kd4 43. Nc1 Nc5 44. Ne2+ Kd5 45. Kc2 e4 46. fxe4+ Kxe4 47. Ng3+ Kf4 48. Nh5+ Kf3 49. Ng7 Kg3 50. Nf5+ Kxh3 51. Nxh6 Kg3 52. Kb2 Kf3 53. Kc2 Kf4 54. Kb2 Nd3+ 55. Kc2 Ne5 56. Kd2 Nxg4 57. Nf7 Ne5 58. Nxg5 Kxg5 59. Ke3 Nd7 60. Kd4 Nb6 0-1

[Event "Balaguer op 16th "]
[Site "Balaguer"]
[Date "2011.07.18"]
[Round "2"]
[White "Piasetski, Leon"]
[Black "Moradiabadi, Elshan"]
[Result "0-1"]
[WhiteElo "2289"]
[BlackElo "2532"]
[PlyCount "68"]
[GameId "1166654524420096"]
[EventDate "2011.07.17"]
[EventType "swiss"]
[EventRounds "9"]
[EventCountry "ESP"]
[SourceTitle "EXT 2012"]
[Source "ChessBase"]
[SourceDate "2011.11.24"]
[SourceVersion "1"]
[SourceVersionDate "2011.11.24"]
[SourceQuality "1"]

1. Nf3 g6 2. d4 Bg7 3. e4 d6 4. h3 Nf6 5. Nc3 O-O 6. Be3 a6 7. a4 b6 8. Bc4 e6 9. Bb3 Bb7 10. Qd3 Nc6 11. d5 exd5 12. exd5 Ne7 13. O-O Qd7 14. Bc4 Rae8 15. Bxa6 Bxa6 16. Qxa6 Nexd5 17. Bd2 Ra8 18. Qc4 Ne7 19. Rfe1 Rfe8 20. Bf4 c6 21. Rad1 Nfd5 22. Nxd5 Nxd5 23. Rxe8+ Rxe8 24. Bg3 Bxb2 25. Qb3 Bg7 26. c4 Nc3 27. Rxd6 Qb7 28. Bh4 Qc7 29. Rd3 Ne2+ 30. Kf1 Nc1 31. Re3 Nxb3 32. Rxe8+ Bf8 33. Ne5 Qd6 34. Ng4 Qd1+ 0-1

[Event "Balaguer op 16th "]
[Site "Balaguer"]
[Date "2011.07.20"]
[Round "4"]
[White "Piasetski, Leon"]
[Black "Verdes Nadal, Ramon"]
[Result "1-0"]
[WhiteElo "2289"]
[BlackElo "1995"]
[PlyCount "93"]
[GameId "1166654524747776"]
[EventDate "2011.07.17"]
[EventType "swiss"]
[EventRounds "9"]
[EventCountry "ESP"]
[SourceTitle "CBM 143 Extra"]
[Source "ChessBase"]
[SourceDate "2011.08.29"]
[SourceVersion "1"]
[SourceVersionDate "2011.08.29"]
[SourceQuality "1"]

1. Nf3 Nf6 2. c4 c5 3. Nc3 Nc6 4. g3 g6 5. Bg2 Bg7 6. O-O O-O 7. d4 cxd4 8. Nxd4 Nxd4 9. Qxd4 d6 10. Qd3 Qc7 11. Bd2 Be6 12. b3 a6 13. Rac1 Rac8 14. a4 Rfd8 15. Rfd1 Qb6 16. Qb1 Ng4 17. e3 Bf5 18. Nd5 Bxb1 19. Nxb6 Ba2 20. Nxc8 Rxc8 21. Bxb7 Rc7 22. Bxa6 Bxb3 23. Rf1 Bxa4 24. Bb5 Bb3 25. Ba5 Rc8 26. Bd7 Ra8 27. Bxg4 Rxa5 28. Bd1 Ba2 29. Be2 h5 30. Rfd1 Bb3 31. Rd3 Ba2 32. Rd2 Bb3 33. Rb1 Ba2 34. Rb5 Ra7 35. c5 dxc5 36. Rd8+ Kh7 37. Rxc5 Be6 38. h4 Bf6 39. Kg2 Ra2 40. Bf3 Kg7 41. Be4 Bg4 42. Rc2 Ra4 43. Bc6 Ra6 44. Ra8 Rb6 45. Bf3 Be6 46. Ra5 Bf5 47. e4 1-0

[Event "Balaguer op 16th "]
[Site "Balaguer"]
[Date "2011.07.21"]
[Round "5"]
[White "Larino Nieto, David"]
[Black "Piasetski, Leon"]
[Result "0-1"]
[WhiteElo "2495"]
[BlackElo "2289"]
[PlyCount "70"]
[GameId "1166654524866560"]
[EventDate "2011.07.17"]
[EventType "swiss"]
[EventRounds "9"]
[EventCountry "ESP"]
[SourceTitle "CBM 143 Extra"]
[Source "ChessBase"]
[SourceDate "2011.08.29"]
[SourceVersion "1"]
[SourceVersionDate "2011.08.29"]
[SourceQuality "1"]

1. d3 d5 2. a3 e5 3. g3 Nf6 4. Bg2 c6 5. Nd2 a5 6. e4 Bg4 7. Ne2 dxe4 8. dxe4 Bc5 9. h3 Be6 10. O-O h5 11. b3 h4 12. gxh4 Qc8 13. Ng3 Bxh3 14. Nc4 Rxh4 15. Be3 Bxg2 16. Bxc5 Qh3 17. Nd6+ Kf8 18. Ndf5+ Kg8 19. Nxh4 Ng4 20. Qxg4 Qxg4 21. Nxg2 Nd7 22. Bd6 Re8 23. Rad1 Nf6 24. Rfe1 Nh7 25. Rd3 Ng5 26. Ree3 Nh3+ 27. Kf1 Nf4 28. Ne1 Qh3+ 29. Kg1 Re6 30. Rf3 g5 31. Bc7 Rh6 32. Rxf4 exf4 33. Rd8+ Kh7 34. Nf3 f6 35. Rd7+ Qxd7 0-1

[Event "Balaguer op 16th "]
[Site "Balaguer"]
[Date "2011.07.22"]
[Round "6"]
[White "Piasetski, Leon"]
[Black "Janev, Evgeni"]
[Result "0-1"]
[WhiteElo "2289"]
[BlackElo "2528"]
[PlyCount "124"]
[GameId "1166654525063168"]
[EventDate "2011.07.17"]
[EventType "swiss"]
[EventRounds "9"]
[EventCountry "ESP"]
[SourceTitle "CBM 143 Extra"]
[Source "ChessBase"]
[SourceDate "2011.08.29"]
[SourceVersion "1"]
[SourceVersionDate "2011.08.29"]
[SourceQuality "1"]

1. Nf3 d6 2. d4 g6 3. c4 Bg7 4. Nc3 c6 5. h3 Nf6 6. Bf4 Nbd7 7. e3 O-O 8. Be2 a6 9. a4 c5 10. O-O Re8 11. Bh2 b6 12. d5 Bb7 13. Qd2 h6 14. Rad1 Kh7 15. Ne1 b5 16. cxb5 Qa5 17. Nc2 Nb6 18. bxa6 Bxa6 19. Bxa6 Rxa6 20. b3 Rb8 21. Qd3 Nfd7 22. Nb5 c4 23. bxc4 Nc5 24. Qe2 Qxa4 25. Nca3 Ncd7 26. Rb1 Rc8 27. Rfc1 Qa5 28. e4 Na4 29. Rb3 Qd8 30. Rc2 Nab6 31. Bf4 Nc5 32. Rf3 Nbd7 33. Kh2 Kg8 34. Bc1 Ne5 35. Re3 g5 36. Bb2 Ra4 37. g3 Rca8 38. f4 Ng6 39. Bxg7 Kxg7 40. Qf3 e6 41. Rf2 gxf4 42. gxf4 exd5 43. exd5 Kh7 44. Qe2 Qh4 45. Rg3 f5 46. Rfg2 Rg8 47. Qe3 Ne4 48. Rf3 Nf6 49. Qe6 Qh5 50. Rf1 Ng4+ 51. Rxg4 fxg4 52. Qxg4 Qh4 53. Qxh4 Nxh4 54. Rf2 Nf5 55. Rc2 Rc8 56. Rc3 Rb4 57. Kg2 Rb2+ 58. Kf3 Rh2 59. Ke4 Kg6 60. Rf3 Rd2 61. Rc3 Re8+ 62. Kf3 Kh5 0-1

[Event "Balaguer op 16th "]
[Site "Balaguer"]
[Date "2011.07.23"]
[Round "7"]
[White "Pozo Vera, Sandro"]
[Black "Piasetski, Leon"]
[Result "1-0"]
[WhiteElo "2471"]
[BlackElo "2289"]
[PlyCount "73"]
[GameId "1166654525231104"]
[EventDate "2011.07.17"]
[EventType "swiss"]
[EventRounds "9"]
[EventCountry "ESP"]
[SourceTitle "CBM 143 Extra"]
[Source "ChessBase"]
[SourceDate "2011.08.29"]
[SourceVersion "1"]
[SourceVersionDate "2011.08.29"]
[SourceQuality "1"]

1. d4 Nf6 2. c4 g6 3. Nc3 Bg7 4. Nf3 O-O 5. Bg5 h6 6. Bh4 c5 7. e3 b6 8. d5 d6 9. Be2 e5 10. dxe6 Bxe6 11. Qc2 a6 12. O-O g5 13. Bg3 Nh5 14. Rad1 Nxg3 15. hxg3 Ra7 16. Nd2 f5 17. Bf3 Kh8 18. Bd5 Bc8 19. Nf3 Re7 20. Rfe1 Nd7 21. Bc6 Nf6 22. Qd3 Be6 23. Ne5 Kh7 24. e4 f4 25. gxf4 gxf4 26. Nf3 Ng4 27. e5+ Bf5 28. Be4 Bxe4 29. Rxe4 Kh8 30. exd6 Rd7 31. Re6 Bf6 32. Qg6 Rg7 33. Qh5 Qd7 34. Rde1 Qf7 35. Qxf7 Rfxf7 36. Nd5 Bd8 37. Re8+ 1-0

[Event "Balaguer op 16th "]
[Site "Balaguer"]
[Date "2011.07.24"]
[Round "8"]
[White "Piasetski, Leon"]
[Black "Villa Gimenez, Carmelo"]
[Result "1-0"]
[WhiteElo "2289"]
[BlackElo "2013"]
[PlyCount "121"]
[GameId "1166654525390848"]
[EventDate "2011.07.17"]
[EventType "swiss"]
[EventRounds "9"]
[EventCountry "ESP"]
[SourceTitle "CBM 143 Extra"]
[Source "ChessBase"]
[SourceDate "2011.08.29"]
[SourceVersion "1"]
[SourceVersionDate "2011.08.29"]
[SourceQuality "1"]

1. Nf3 c5 2. c4 Nc6 3. d4 cxd4 4. Nxd4 g6 5. e4 Bg7 6. Be3 Nf6 7. Nc3 O-O 8. Be2 d6 9. O-O Bd7 10. Nb3 Ne5 11. h3 Qc8 12. Nd2 Bxh3 13. gxh3 Qxh3 14. Bf4 Nfg4 15. Bxg4 Nxg4 16. Qf3 Qxf3 17. Nxf3 f5 18. Nd2 fxe4 19. Bg5 Rf7 20. Ndxe4 Bd4 21. Rad1 Ne5 22. Kg2 Bxc3 23. Nxc3 Nxc4 24. Nd5 Nxb2 25. Rb1 Nd3 26. Rxb7 e6 27. Nf6+ Kg7 28. Rxf7+ Kxf7 29. Rh1 h5 30. Rd1 Nf4+ 31. Kg3 Nd5 32. Nxd5 exd5 33. Rxd5 Ke6 34. Ra5 d5 35. Be3 a6 36. f4 Re8 37. Rxa6+ Kf5 38. Kf3 Re4 39. Rd6 Ra4 40. Rxd5+ Ke6 41. Rd2 Kf5 42. Rc2 Ra3 43. Rg2 Ra4 44. Rg5+ Kf6 45. Rb5 Rxa2 46. Bd4+ Kf7 47. Rb7+ Ke6 48. Rb6+ Kd5 49. Be3 Rh2 50. Rxg6 Rh3+ 51. Rg3 Rh2 52. Rg5+ Ke6 53. Ke4 Rh3 54. Bd4 Rh1 55. f5+ Kf7 56. Rg7+ Kf8 57. f6 Re1+ 58. Kf5 Rc1 59. Be5 h4 60. Bd6+ Ke8 61. f7+ 1-0

[Event "Northern California op"]
[Site "Fremont"]
[Date "2012.01.02"]
[Round "1"]
[White "Helfst, Matt D"]
[Black "Piasetski, Leon"]
[Result "0-1"]
[WhiteElo "1943"]
[BlackElo "2305"]
[PlyCount "46"]
[GameId "1166655177482240"]
[EventDate "2012.01.02"]
[EventType "swiss"]
[EventRounds "9"]
[EventCountry "USA"]
[SourceTitle "CBM 146 Extra"]
[Source "ChessBase"]
[SourceDate "2012.02.29"]
[SourceVersion "1"]
[SourceVersionDate "2012.02.29"]
[SourceQuality "1"]

1. c4 e5 2. Nc3 Nf6 3. g3 Bb4 4. Bg2 O-O 5. Qc2 Re8 6. a3 Bf8 7. Nf3 c6 8. d3 h6 9. O-O d5 10. cxd5 cxd5 11. Nd2 Nc6 12. e3 Be6 13. b4 Rc8 14. Qb2 Qd7 15. b5 Na5 16. Rd1 Bg4 17. f3 d4 18. Nce4 Nxe4 19. Nxe4 Be6 20. exd4 Nb3 21. Rb1 Nxd4 22. a4 Rc2 23. Qa1 Ra2 0-1

[Event "Northern California op"]
[Site "Fremont"]
[Date "2012.01.03"]
[Round "3"]
[White "Cornejo, Max"]
[Black "Piasetski, Leon"]
[Result "1/2-1/2"]
[WhiteElo "2411"]
[BlackElo "2305"]
[PlyCount "92"]
[GameId "1166655177691136"]
[EventDate "2012.01.02"]
[EventType "swiss"]
[EventRounds "9"]
[EventCountry "USA"]
[SourceTitle "CBM 146 Extra"]
[Source "ChessBase"]
[SourceDate "2012.02.29"]
[SourceVersion "1"]
[SourceVersionDate "2012.02.29"]
[SourceQuality "1"]

1. e4 Nf6 2. e5 Nd5 3. d4 d6 4. c4 Nb6 5. exd6 exd6 6. Nc3 Nc6 7. Be3 Be7 8. Bd3 O-O 9. Nge2 Nb4 10. b3 c6 11. Bb1 d5 12. c5 Nd7 13. a3 Na6 14. O-O Nc7 15. Bd3 b6 16. b4 a5 17. cxb6 Nxb6 18. bxa5 Nc4 19. Bxc4 dxc4 20. Qa4 Nb5 21. Qxc4 Ba6 22. Nxb5 Bxb5 23. Qc2 Qxa5 24. Rfb1 Qa6 25. Nc1 Qa4 26. Nb3 Rfb8 27. Qc3 Qc4 28. Qxc4 Bxc4 29. Nc5 Rxb1+ 30. Rxb1 f6 31. Ra1 Bxc5 32. dxc5 Bb5 33. Bd2 Rd8 34. Be3 Rd3 35. h3 Ba4 36. Kf1 Kf7 37. Ke2 Rb3 38. Kf3 Ke6 39. g4 Ke5 40. Ra2 g5 41. Ra1 f5 42. gxf5 Kxf5 43. Kg3 h5 44. Kf3 Rd3 45. Ke2 Rb3 46. Kf3 Rd3 1/2-1/2

[Event "Northern California op"]
[Site "Fremont"]
[Date "2012.01.04"]
[Round "4"]
[White "Piasetski, Leon"]
[Black "Jayakumar, Adarsh"]
[Result "0-1"]
[WhiteElo "2305"]
[BlackElo "2197"]
[PlyCount "68"]
[GameId "1166655177846784"]
[EventDate "2012.01.02"]
[EventType "swiss"]
[EventRounds "9"]
[EventCountry "USA"]
[SourceTitle "CBM 146 Extra"]
[Source "ChessBase"]
[SourceDate "2012.02.29"]
[SourceVersion "1"]
[SourceVersionDate "2012.02.29"]
[SourceQuality "1"]

1. c4 c5 2. Nf3 Nc6 3. d4 cxd4 4. Nxd4 Nf6 5. Nc3 g6 6. e4 Nxd4 7. Qxd4 d6 8. f3 Bg7 9. Be3 O-O 10. Qd2 a5 11. Be2 a4 12. O-O Qa5 13. Rfc1 Be6 14. Rab1 Rfc8 15. b3 axb3 16. axb3 Qb4 17. Qc2 d5 18. exd5 Nxd5 19. Nxd5 Bxd5 20. Bd3 Be6 21. Be4 f5 22. Bd3 Ra3 23. Qd2 Qd6 24. Bf1 Qxd2 25. Bxd2 Ra2 26. Bc3 Rd8 27. b4 Bh6 28. Re1 Kf7 29. c5 Rc2 30. Be5 Bd2 31. Red1 Ba2 32. Ra1 Rd5 33. Kh1 Bxb4 34. Bd3 Rcxc5 0-1

[Event "Northern California op"]
[Site "Fremont"]
[Date "2012.01.05"]
[Round "6"]
[White "Pruess, David"]
[Black "Piasetski, Leon"]
[Result "1/2-1/2"]
[WhiteElo "2395"]
[BlackElo "2305"]
[PlyCount "62"]
[GameId "1166655178092544"]
[EventDate "2012.01.02"]
[EventType "swiss"]
[EventRounds "9"]
[EventCountry "USA"]
[SourceTitle "CBM 146 Extra"]
[Source "ChessBase"]
[SourceDate "2012.02.29"]
[SourceVersion "1"]
[SourceVersionDate "2012.02.29"]
[SourceQuality "1"]

1. e4 Nf6 2. e5 Nd5 3. d4 d6 4. Nf3 dxe5 5. Nxe5 c6 6. c4 Nb4 7. Be3 Bf5 8. Na3 Nd7 9. Nf3 e6 10. Be2 Be7 11. O-O O-O 12. Re1 a6 13. Qd2 h6 14. h3 b6 15. Bf4 Re8 16. Rec1 c5 17. Nb1 cxd4 18. Nxd4 Bxb1 19. Raxb1 e5 20. a3 exf4 21. Bf3 Rc8 22. axb4 Ne5 23. Bd5 f3 24. Nxf3 Nxf3+ 25. gxf3 Qd6 26. Ra1 Qg6+ 27. Kh1 Qf5 28. Kg2 Qg6+ 29. Kh1 Qf5 30. Kg2 Qg6+ 31. Kh1 Qf5 1/2-1/2